000 00330nam a2200133 i 4500
001 bg
100 1 _aKORZENIAWSKI, W.
245 0 _aPoradnik projektanta budownictwa mieszkaniowego /
_cW. Korzeniawski.
260 _aWarszawa,
_c1981.
040 _cBPK
041 _apol
942 _cKS
008 s pl f |000 0 pol
999 _c5922
_d5922
856 _uhttp://koha.tu.koszalin.pl/cgi-bin/koha/opac-detail.pl?biblionumber=5922
_yKatalog online BPK